[Event "Staufer op 09th"]
[Site "Schwaebisch Gmuend"]
[Date "1997.??.??"]
[Round "2"]
[White "Scherer, Max"]
[Black "Hermann, Dieter"]
[Result "1-0"]
[WhiteElo "2215"]
[BlackElo "1895"]
[PlyCount "79"]
[EventDate "1997.01.??"]
[EventType "swiss"]
[EventRounds "9"]
[EventCountry "GER"]
[SourceTitle "EXT 1998"]
[Source "ChessBase"]
[SourceDate "1997.11.17"]
[SourceVersion "1"]
[SourceVersionDate "1997.11.17"]
[SourceQuality "1"]

1. c4 f5 2. h3 Nf6 3. g4 d5 4. g5 Ne4 5. d3 Nc5 6. cxd5 Qxd5 7. Nf3 Nc6 8. Nc3 Qf7 9. d4 Nd7 10. Bf4 e5 11. dxe5 Bb4 12. Qb3 Qxb3 13. axb3 Nc5 14. e3 Be6 15. Bc4 Bxc4 16. bxc4 Nd3+ 17. Ke2 Nxb2 18. Nd5 Ba5 19. Rxa5 Nxa5 20. Nxc7+ Ke7 21. Nd4 g6 22. Nd5+ Ke8 23. e6 Naxc4 24. Nb5 Rc8 25. Rb1 Na4 26. Nbc7+ Rxc7 27. Nxc7+ Ke7 28. Rxb7 Nd6 29. Rxa7 Nc3+ 30. Kf1 Nce4 31. f3 Nd2+ 32. Ke2 N2c4 33. Nb5+ Kxe6 34. Nxd6 Nxd6 35. Ra6 Rd8 36. Kd3 Kd5 37. Rxd6+ Rxd6 38. Bxd6 Kxd6 39. Kd4 Ke6 40. e4 1-0